El gran libro de cocina para diabéticos: (Registro nro. 37464)
[ vista simple ]
| 000 -CABECERA | |
|---|---|
| Longitud fija campo de control | 00807nam a2200229 4500 |
| 003 - • IDENTIFICADOR DELl NÚMERO DE CONTROL | |
| Identificador del número de control | CO-ViMGA |
| 020 ## - • NÚMERO INTERNACIONAL NORMALIZADO PARA LIBROS | |
| Número Internacional Normalizado para Libros (ISBN) | 9789583037719 |
| 040 ## - FUENTE DE LA CATALOGACIÓN | |
| Centro catalogador de origen | CO-ViMGA |
| Lengua de catalogación | spa |
| Centro transcriptor | CO-ViMGA |
| 082 04 - • NÚMERO DE LA CLASIFICACIÓN DECIMAL DEWEY | |
| Número de clasificación (R) | 641 |
| Número del ítem | R41g |
| 100 1# - • PUNTO DE ACCESO PRINCIPAL-NOMBRE DE PERSONA | |
| Nombre de persona | Rice Hahn, Pamela. |
| 245 10 - • TITULO PROPIAMENTE DICHO | |
| Título | El gran libro de cocina para diabéticos: |
| Resto del título | 300 recetas creativas y saludables que le devuelven el placer a la cocina / |
| Mención de responsabilidad, etc. | Pamela Rice Hahn. |
| 300 ## - • DESCRIPCIÓN FÍSICA | |
| Extensión | XX, 386 p : |
| Otras características físicas | il. ; 23 cm. |
| 490 ## - • MENCIÓN DE SERIE | |
| Mención de serie | Colección el gran libro. |
| 500 ## - • NOTA GENERAL | |
| Nota general | Incluye indice. |
| 534 ## - • Nota De Versión Original | |
| Título | The everything diabetes cookbook. |
| 650 14 - • PUNTO DE ACCESO ADICIONAL DE MATERIA - TÉRMINO DE MATERIA | |
| Término de materia o nombre geográfico como elemento inicial | Cocina para diabéticos - Recetas. |
| 650 14 - • PUNTO DE ACCESO ADICIONAL DE MATERIA - TÉRMINO DE MATERIA | |
| Término de materia o nombre geográfico como elemento inicial | Cocina para enfermos. |
| 650 14 - • PUNTO DE ACCESO ADICIONAL DE MATERIA - TÉRMINO DE MATERIA | |
| Término de materia o nombre geográfico como elemento inicial | Diabéticos - Alimentación. |
| 700 1# - • PUNTO DE ACCESO ADICIONAL - NOMBRE DE PERSONA | |
| Nombre de persona | Casas Dupuy, Rosario, |
| Término indicativo de función | tr. |
| 942 ## - ENTRADA DE ELEMENTOS AGREGADOS (KOHA) | |
| Fuente de clasificaión o esquema | Dewey Decimal Classification |
| Koha [por defecto] tipo de item | LIbro |
| Perdido | Fuente de clasificación o esquema | Estado Físico | No para préstamo | Forma de adquisición | Localización permanente | Localización actual | Fecha adquisición | Préstamos totales | Signatura completa | Código de barras | Fecha última consulta | Número de copia | Fecha del precio de reemplazo | Tipo de item de Koha |
|---|---|---|---|---|---|---|---|---|---|---|---|---|---|---|
| Dewey Decimal Classification | Sala Especializada Tercer Piso | Biblioteca Pública Germán Arciniegas - Villavicencio | Biblioteca Pública Germán Arciniegas - Villavicencio | 09/16/2016 | 641 R41g | 30763 | 09/16/2016 | Ej. 1 | 09/16/2016 | LIbro |